| 000 | 01444cam a22002891i 4500 | ||
|---|---|---|---|
| 003 | SA-RiAUC | ||
| 005 | 20260123131740.0 | ||
| 008 | 260119s1988 ua g 00000 ara c | ||
| 040 |
_aSA-JeALM _bara _cSA-RiAUC _erda |
||
| 050 | 4 | _b.I26 1988 | |
| 082 | 0 | 4 | _a251.6 |
| 090 |
_a251.6 _bا ب ن ع |
||
| 100 | 1 |
_aابن عبد السلام، عبد العزيز بن عبد السلام بن أبي القاسم، _d577-660 هجري _eمؤلف. |
|
| 245 | 1 | 2 |
_aالفوائد في اختصار المقاصد، المسمى، بالقواعد الصغرى / _cتأليف عز الدين أبي محمد عبد العزيز بن عبد السلام القاسمي الشافعي ؛ تحقيق وتعليق جلال الدين عبد الرحمن. |
| 250 | _aالطبعة الأولى. | ||
| 264 | 1 |
_aالقاهرة : _bدار الكتاب الجامعي، _c1988 |
|
| 300 |
_a152 صفحة ؛ _c24 سم |
||
| 336 |
_aنص _btxt _2rdacontent _3كتاب |
||
| 337 |
_aبدون وسيط _bn _2rdamedia |
||
| 650 | 7 |
_aالقواعد الفقهية _2aucsh |
|
| 650 | 7 |
_aأصول الفقه الإسلامي _2aucsh |
|
| 700 | 1 |
_aعبد الرحمن، جلال الدين، _dتوفي 1427 هجري _eمحقق. |
|
| 740 | 0 | 2 | _aقواعد الأحكام في مصالح الأنام، المسمى، القواعد الكبرى. |
| 740 | 2 | 2 | _aالقواعد الكبرى. |
| 942 |
_2ddc _cBOOK _n0 |
||
| 949 |
_aSA-JeALM _d260119 _uosman123 _n1 |
||
| 999 |
_c14129 _d14129 |
||